| 000 | 00729nam a2200241 i 4500 | ||
|---|---|---|---|
| 001 | 7040 | ||
| 003 | ES-MaACL | ||
| 005 | 20250418063148.0 | ||
| 007 | t| | ||
| 008 | 900724s1990 sp ||||1| spa d | ||
| 020 | _a84-322-0618-0 | ||
| 080 | _a82-31.09"19" | ||
| 100 | 1 |
_aVargas Llosa, Mario, _d1936-2025 _9240060 |
|
| 245 | 1 | 3 |
_aLa verdad de las mentiras _b: ensayos sobre literatura / _cMario Vargas Llosa. |
| 250 | _a2ª ed. | ||
| 260 |
_aBarcelona : _bSeix Barral, _c1990. |
||
| 300 |
_a261 p. ; _c20 cm. |
||
| 490 | 1 | _aBiblioteca breve | |
| 650 | 4 |
_aNovela- _yS.XX- _xHistoria y crítica. _915605 |
|
| 830 | 0 |
_aBiblioteca breve (Seix Barral) _9227188 |
|
| 852 |
_aES-MaACL _jL-14210 |
||
| 999 |
_c7040 _d7040 |
||